The trials of apollo: (Record no. 159797)

MARC details
000 -LEADER
fixed length control field 00711nam a22002057a 4500
005 - DATE AND TIME OF LATEST TRANSACTION
control field 20190105153753.0
010 ## - LCCN (DPL NO)
LC control number B-713047
020 ## - INTERNATIONAL STANDARD BOOK NUMBER
International Standard Book Number 9780141363967
Terms of availability 399.00
035 ## - SYSTEM CONTROL NUMBER
System control number B-713047
037 ## - SOURCE OF ACQUISITION
Source of stock number/acquisition RK Books
082 ## - DEWEY DECIMAL CLASSIFICATION NUMBER
Classification number N
100 ## - MAIN ENTRY--PERSONAL NAME
Personal name Riordan, Rick
245 ## - TITLE STATEMENT
Title The trials of apollo:
Statement of responsibility, etc by Rick Riordan
Remainder of title the dark prophecy /
260 ## - PUBLICATION, DISTRIBUTION, ETC. (IMPRINT)
Place of publication, distribution, etc Gurgaon
Name of publisher, distributor, etc Puffin Books
Date of publication, distribution, etc 2017
270 ## - ADDRESS
Address Penguin Random House Children's 80 Strand
City London
Postal code WC2R
300 ## - PHYSICAL DESCRIPTION
Extent 414p.
Dimensions 20cm(pbk)
490 ## - SERIES STATEMENT
Series statement The percy jackson series
942 ## - ADDED ENTRY ELEMENTS (KOHA)
Source of classification or shelving scheme Dewey Decimal Classification
Item type English Books
Call number suffix RIO
Classification part N
Holdings
Withdrawn status Lost status Not for loan Collection code Home library Current library Date acquired Source of acquisition Cost, normal purchase price Full call number Barcode Copy number Cost, replacement price Koha item type
      Non-fiction Ashok Vihar Ashok Vihar 05/01/2019 RK Books/IN2630/18-19/24-12-18/549/19-12-18/29-12-18 399.00 N RIO B-713047 1 399.00 English Books

© Delhi Public Library
Hit Counter
free hit counter